Music Quiz

Random Music or Song Quiz

One Word Per Song II Quiz Stats

Quiz Updated May 24, 2015

Also try: One Word Per Song
Challenge
Share
Tweet
Embed
Score 0/20 Timer 05:00
7 Plays Today
% Correct
fantasy
68.1%
fire
67.2%
Tommy
60.2%
street
51.3%
antichrist
49.5%
Porsches
47.7%
morning
46%
fairy
44.5%
queen
44%
feeling
42.6%
% Correct
wheels
40.3%
crazy
38.1%
way
36.1%
yacht
34.5%
Texas
34.4%
hot
33.9%
untrue
33.1%
hurricane
30.2%
roam
22.4%
Mary's
17.4%

You're not logged in!

Compare scores with friends on all Sporcle quizzes.
Sign Up with Email
OR
Log In

You Might Also Like...

Show Comments

Extras

Top Quizzes Today


Score Distribution

Your Account Isn't Verified!

In order to create a playlist on Sporcle, you need to verify the email address you used during registration. Go to your Sporcle Settings to finish the process.